Rumors - Album (Fleetwood Mac) - Statistics

General Stats
  • This quiz has been taken 28 times
  • The average score is 6 of 11
Answer Stats
# (2004 Remaster) % Correct
2. Dreams
92%
7. The Chain
92%
5. Go Your Own Way
64%
11. Gold Dust Women
56%
4. Don't Stop
52%
8. You Make Loving Fun
52%
1. Second Hand News
44%
6. Songbird
36%
10. Oh Daddy
32%
3. Never Going Back Again
24%
9. I Don't Want to Know
20%
No matching quizzes found
Score Distribution
Percent of People with Each Score
Percentile by Number Answered
Your Score History
You have not taken this quiz